Embargo ako nástroj zahranično-obchodnej politiky bakalárska práca

Na minha lista:
Detalhes bibliográficos
Autor principal: Sabolová, Michaela
Autor Corporativo: Podnikovohospodárska fakulta EU so sídlom v Košiciach. Katedra manažmentu
Outros Autores: Mihalčová, Bohuslava, 1963-
Formato: Livro
Idioma:eslovaco
Publicado em: Košice 2017
Tags: Adicionar Tag
Sem tags, seja o primeiro a adicionar uma tag!

MARC

LEADER 00000nbm a2200000 4500
001 0231609
005 20171113105836.2
041 0 |a slo 
044 |a SK 
245 1 0 |a Embargo ako nástroj zahranično-obchodnej politiky  |b bakalárska práca  |c Michaela Sabolová ; školiteľ: Bohuslava Mihalčová 
264 1 |a Košice  |c 2017 
300 |a 52 s. 
100 1 |a Sabolová, Michaela 
700 1 |a Mihalčová, Bohuslava, 1963- 
710 2 |a Podnikovohospodárska fakulta EU so sídlom v Košiciach. Katedra manažmentu